1787 1245 1418 1378 1216 1494 1478 1981 1059 1022 1226 1718 1677 1732 1075 1954 1335 1593 1351 1548 1792 1208 1185 1995 1077 1879 1896 1309 1700 1220 1235 1638 1373 1324 1201 1292 1914 1262 1688 1343 1274 1070 1819 1743 1421 1293 1136 1226 1161 1233 1421 1355 1024 1433 1874 1479 1998 1317 1930 1334 1022 1005 1559 1667 1782 1083 1425 1538 1056 1163 1747 1078 1192 1560 1455 1471 1523 1636 1709 1803 1203 1693 1325 1079 1201 1312 1886 1692 1786 1199 1147 1719 1147 1751 1657 1346 1440 1489 1270 BCNSPRNW ULIB Ver.6.0+V

เปลี่ยนเป็นภาษาไทย

Change to English
 แสดงรายละเอียดบรรณานุกรม
  กลับหน้าหลัก

Brief Record : Get Marc (ISO 2709) : E-mail record : QR code < ปิดหน้าต่าง
LEADER : 00000nam 2200000uu 4500
001    13399111773
003     ULIB
008    110708s2553||||th 000 0 tha d
020    9746435655
060 04 QZ140^bพ218 ล.3
245 00 พยาธิสรีรวิทยาและเภสัชวิทยาคลินิกสำหรับพยาบาล หน่วยที่ 11-15 =^bPathophysiology and clinical pharmacology for nurse /^cศรีนวล สถิตวิทยานันท์ ... [และคนอื่นๆ]
246 31 Pathophysiology and clinical pharmacology for nurse
250    พิมพ์ครั้งที่ 13
260    [นนทบุรี] :^bสาขาวิชาพยาบาลศาสตร์มหาวิทยาลัยสุโขทัยธรรมาธิราช,^c2553
300    3 ล. :^bภาพประกอบ ;^c30 ซม.
500    "เอกสารการสอนชุดวิชา 51103 หน่วยที่ 11-15"--หน้าปกใน
650  4 พยาธิวิทยา
650  4 พยาบาล
650  4 เภสัชวิทยาคลินิก
650  4 สรีรวิทยา
700 0  พิสมัย ประทุมทาน
710 2  มหาวิทยาลัยสุโขทัยธรรมาธิราช. ^bสาขาวิชาพยาบาลศาสตร์
945    ^p0^l0^i18292
945    ^p0^l0^i18293
945    ^p0^l0^i18291
995    กัณชพร
999 ^a ใช้งานได้ทุกระบบ
รายการนี้ยังไม่มีแท็ก
คุณยังไม่ได้ล็อกอิน คุณสามารถมีกิจกรรมร่วมกับเว็บไซต์ได้ แต่ต้องล็อกอินก่อน ::
  ล็อกอิน

รายการสื่อสารสนเทศ

ลำดับที่ ประเภท เลขเรียก/บาร์โค้ด สถานที่ สถานะ
- ไม่พบข้อมูล -

รายการใกล้เคียง
    หัวเรื่อง [พยาธิวิทยา]
    หัวเรื่อง [พยาบาล]
    หัวเรื่อง [เภสัชวิทยาคลินิก]
    หัวเรื่อง [สรีรวิทยา]

BibComment


ยังไม่เคยถูกคอมเมนท์

คอมเมนท์ทรัพยากรรายการนี้
  คอมเมนท์: พยาธิสรีรวิทยาและ..


 Copyright 2026. Bcnsprnw @Library